000
00317nam a22001457a 4500
008
221111b ||||| |||| 00| 0 eng d
020
_a
0064300498
041
_a
eng
080
_a
7
082
_a
7 PAN
100
_a
21.1
101
_a
ART
245
_a
IDEA A CONCEPT IN ART THEORY
_c
PANOFSKY E
942
_2
udc
_c
BK
999
_c
58870
_d
58870